| Поле | Инд. | ПП | Название | Значение |
|---|---|---|---|---|
| Тип записи | a | |||
| Библиографический уровень | a | |||
| 001 | Контрольный номер | 4e39325b729a478e90671348b2e4e4ad | ||
| 005 | Дата корректировки | 20151102140447.5 | ||
| 040 | a | Служба первич. каталог. | НБ ТвГУ | |
| b | Код языка каталог. | rus | ||
| e | Правила каталог. | PSBO | ||
| 041 | 0_ | a | Код языка текста | rus |
| 097 | b | Оператор | komarovaES | |
| 100 | 1_ | a | Автор | Романенко О. И. |
| 245 | 10 | a | Заглавие | Структура психологической готовности к школьному обучению |
| 260 | a | Место издания | Тверь | |
| b | Издательство | Тверской государственный университет | ||
| 504 | a | Библиография | Библиогр.: с. 14 (5 назв.) | |
| 520 | 0_ | a | Аннотация | Статья посвящена структуре психологической готовности к школьному обучению. В статье анализируется понятие психологической подготовки к школьному обучению, различные подходы к определению структуры психологической готовности к школе и ее главным компонентам. |
| 653 | 0_ | a | Ключевые слова | Тверь, город |
| a | Ключевые слова | Воспитание | ||
| a | Ключевые слова | Школьное обучение | ||
| a | Ключевые слова | Психологическая готовность | ||
| a | Ключевые слова | Мотивация | ||
| 773 | 18 | w | Контрольный № источника | 40c7ae3ee64445f1a9fb86118f5cb4cb |
| t | Название источника | Проблемы теории и практики психологии развития | ||
| d | Место и дата издания | Тверь : Тверской государственный университет, 2015 | ||
| g | Прочая информация | Вып. 1. - С. 12-14 | ||
| 901 | t | Тип документа | a | |
| 920 | a | Оператор | Кома |